000 00541nam a22002057a 4500
003 LK-CoMWRAF
005 20240107115058.0
008 240107b2006 |||||||| |||| 00| 0 eng d
020 _a9558897078
040 _aLK-CoMWRAF
_dLK-CoMWRAF
_eLK-CoMWRAF
041 _aeng
082 _a823
_bWIJ
100 _aWijesinghe, Manuka
245 _a Monsoons & potholes
260 _a Colombo:
_bPerera Hussein Pub. House,
_c2006
300 _a 375 p. ; 21 cm
650 _aENGLISH FICTION
650 _aSri Lankan fiction (English)
942 _cBK
999 _c4598
_d4598